Viele Nachbarländer - Statistiken

Allgemein
  • Dieses Quiz wurde 644 mal gespielt
  • Das Durchschnittsergebnis liegt bei 19 aus 31
Antwortstatistiken
Hint Antwort % Korrekt
9 Europa Deutschland (Dänemark, Polen, Tschechische Republik, Österreich, Schweiz, Frankreich, Luxemburg, Belgien, Niederlande)
98%
14 Asien China (Afghanistan, Bhutan, Myanmar, Indien, Kasachstan, Nordkorea, Kirgisistan, Laos, Mongolei, Nepal, Pakistan, Russland, Tadschikistan, Vietnam)
97%
12 Europa Russland (Aserbaidschan, Estland, Finnland, Georgien, Lettland, Norwegen, Ukraine, Weissrussland,China, Kasachstan, Mongolei, Nordkorea)
97%
7 Afrika Niger (Algerien, Benin, Burkina Faso, Tschad, Libyen, Mali, Nigeria)
87%
9 Südamerika Brasilien (Suriname, Guyana, Venezuela, Kolumbien, Peru, Bolivien, Paraguay, Argentinien, Uruguay)
86%
6 Asien Indien (Bangladesch, Bhutan, Myanmar,China, Nepal, Pakistan)
86%
6 Afrika Tschad (Kamerun, Zentralafrikanische Republik, Libyen, Niger, Nigeria, Sudan)
84%
7 Afrika Mali (Algerien, Burkina Faso, Guinea, Elfenbeinküste, Mauretanien, Niger, Senegal)
82%
8 Europa Österreich (Deutschland, Italien, Liechtenstein, Schweiz, Slowakei, Slowenien,Tschechien, Ungarn)
81%
8 Europa Frankreich (Andorra, Belgien, Deutschland, Italien, Luxemburg, Monaco, Schweiz, Spanien)
80%
6 Europa Polen (Deutschland, Litauen, Slowakei, Tschechien, Ukraine, Weissrussland)
80%
8 Europa Serbien (Montenegro, Albanien, Bulgarien, Mazedonien, Rumänien, Ungarn, Kroatien, Bosnien-Herzegowina)
80%
7 Asien Iran (Afghanistan, Armenien, Aserbaidschan, Irak, Pakistan, Türkei, Turkmenistan)
79%
7 Europa Ungarn (Kroatien, Österreich, Rumänien, Slowakei, Slowenien, Ukraine, Serbien)
78%
7 Europa Ukraine (Moldawien, Polen, Russland, Slowakei, Ungarn, Weissrussland, Rumänien)
75%
6 Europa Italien (Frankreich, Österreich, San Marino, Schweiz, Slowenien, Vatikanstadt)
73%
6 Asien Irak (Iran, Jordanien, Kuwait, Saudi-Arabien, Syrien, Türkei)
71%
8 Asien Türkei (Armenien, Aserbaidschan, Bulgarien, Georgien, Griechenland, Irak, Iran, Syrien)
70%
6 Afrika Burkina Faso (Benin, Elfenbeinküste, Ghana, Mali, Niger, Togo)
65%
6 Afrika Algerien (Libyen, Mali, Marokko, Mauretanien, Niger, Tunesien)
64%
7 Afrika Sambia (Angola, Demokratische Republik Kongo, Malawi, Mosambik, Namibia, Tansania, Simbabwe)
63%
8 Afrika Tansania (Burundi, Demokratische Republik Kongo, Kenia, Malawi, Mosambik, Ruanda, Uganda, Sambia)
62%
6 Asien Afghanistan (China, Iran, Pakistan, Tadschikistan, Turkmenistan, Usbekistan)
58%
6 Afrika Libyen (Ägypten, Algerien, Niger, Sudan, Tschad, Tunesien)
53%
6 Afrika Guinea (Elfenbeinküste, Guinea-Bissau, Liberia, Mali, Senegal, Sierra Leone)
39%
9 Afrika Demokratische Reublik Kongo (Angola, Burundi, Zentralafrikanische Republik, Republik Kongo, Ruanda, Sudan Tansania, Uganda, Sambia)
28%
6 Afrika Kamerun (Zentralafrikanische Republik, Tschad, Kongo, Äquatorialguinea, Gabun, Nigeria)
0%
6 Asien Saudi-Arabien (Irak, Jordanien, Kuwait, Oman, Vereinigte Arabisch Emirate, Jemen)
0%
6 Afrika Südafrika (Botswana, Lesotho Mosambi, Namibia, Simbabwe, Swasiland)
0%
7 Afrika Sudan (, Zentralafrikanische Republik, Tschad, Ägypten, Eritrea, Ägypten, Libyen, Südsudan)
0%
6 Afrika Südsudan (Zentralafrikanische Republik, Demokratische Republik Kongo, Äthiopien, Kenia, Sudan, Uganda)
0%
Keine übereinstimmenden Quizze gefunden
Verteilung der Resultate
Anzahl Personen mit jedem Resultat
Perzentil nach korrekt beantworteten Fragen
Ihre Resultats-Entwicklung
Sie haben dieses Quiz noch nicht gespielt